Country capitals-Sudden Death - Statistics

General Stats
  • This quiz has been taken 63 times
  • The average score is 13 of 31
Answers on the Grid
Answers color-coded by a green-red scale on the quiz's grid according to % correct below.
Belmopan
Andorra La Vella
Toulouse
Birmingham
Triana
Yerevan
Baku
Gdansk
Nassau
Moroni
Port Louis
Makkah
Madinah
Manama
Ouagadougou
Alexandria
Havana
Glasgow
Bishkek
Camperville
Phnom Penh
Kigali
Bujumbura
Lahore
Hyderabad
Abu Dubai
Carrefour
Jacmel
Ley Cayes
Milot
Delmas
Port-au-Prince
Caracas
Jeremie
Gonaives
Azua
Kingstown
Paramaribo
Negril
Guatemala City
Port Antonio
Kuwait City
Ocho Rios
Tegucigalpa
Rabat
Placencia
Lisbon
Orange Walk
Madrid
San Ignacio
Ambergis Caye
Corozal
San Salvador
Vallette
Punta Gorda
Dangriga
Managua
Sucre
Napo
Puyo
Laz Paz
Dodoma
 
Answer Stats
Answer % Correct
Andorra La Vella
82%
Havana
82%
Baku
76%
Nassau
76%
Belmopan
71%
Manama
71%
Phnom Penh
71%
Yerevan
71%
Bishkek
65%
Moroni
65%
Ouagadougou
59%
Kigali
53%
Port Louis
53%
Kuwait City
41%
Madrid
41%
San Salvador
35%
Guatemala City
29%
Triana
29%
Caracas
24%
Kingstown
24%
Paramaribo
24%
Port-au-Prince
24%
Rabat
24%
Sucre
24%
Laz Paz
18%
Lisbon
18%
Managua
18%
Dodoma
12%
Tegucigalpa
12%
Bujumbura
6%
Vallette
0%
No matching quizzes found
Score Distribution
Percent of People with Each Score
Percentile by Number Answered
Your Score History
You have not taken this quiz